Vytváranie experimentálnej terminálovej siete počítača EC 1021 : Výskumná úloha SPEV-V-2/12-09.43

Salvato in:
Dettagli Bibliografici
Autori principali: Horváth, Pavel (Autore), Pauer, Daniel (Autore)
Natura: Libro
Pubblicazione: Bratislava : SVŠT v Bratislave EF, 1978
Tags: Aggiungi Tag
Nessun Tag, puoi essere il primo ad aggiungerne!!

MARC

LEADER 00000nam a22000003a 4500
001 stu236261
005 20150617230121.6
008 111012s1978----------------------------d
040 |a STU  |b slo 
041 0
100 1 |a Horváth, Pavel  |4 aut 
245 1 |a Vytváranie experimentálnej terminálovej siete počítača EC 1021 :  |b Výskumná úloha SPEV-V-2/12-09.43 
260 |a Bratislava :  |b SVŠT v Bratislave EF,  |c 1978 
300 |a preruš. str 
700 1 |a Pauer, Daniel  |4 aut 
996 |b EVYSK-S-260  |c E*VYSK-S-260  |l E  |s P  |a 0  |w stu236261_0001